Music Quiz

Random Music or Artist Quiz

Young Money Artists Quiz Stats

 Plays Quiz not verified by Sporcle

Challenge
Share
Tweet
Embed
Score 0/13 Timer 02:00
0 Plays Today
Artist % Correct
Lil Wayne
98.6%
Drake
92.1%
Nicki Minaj
86.1%
Gudda Gudda
75%
Tyga
74.1%
Lil Chuckee
72.2%
Lil Twist
71.8%
Shanell
64.8%
Mack Maine
63.9%
Jae Millz
55.1%
T-Streets
44.4%
Cory Gunz
40.3%
Short Dawg
29.2%

You're not logged in!

Compare scores with friends on all Sporcle quizzes.
Join for Free
OR
Log In

You Might Also Like...

Show Comments

Extras

Top Quizzes Today


Score Distribution

Your Account Isn't Verified!

In order to create a playlist on Sporcle, you need to verify the email address you used during registration. Go to your Sporcle Settings to finish the process.

Report this User

Report this user for behavior that violates our Community Guidelines.

Details: